000 00968nam a2200241 a 4500
005 20250802063829.0
008 991125s1993 mx 000 0 spa u
020 _a968629757X
035 _aUPN01000000413
049 _aCG
050 4 _aLB2331.615 A44
_bA8.2 1993
110 2 _aAsociación Nacional de Universidades e Instituciones de Educación Superior (México)
245 1 0 _aAcreditación universitaria en América Latina :
_bantecedentes y experiencias /
_cAsociación Nacional de Universidades de Educación Superior.
250 _a2a ed.
260 _aMéxico :
_bANUIES :
_bOUI,
_c1993.
300 _aix, 333 p.
440 0 _aBiblioteca de la educación superior
500 _a"Programa Políticas y Gestión Universitaria - CINDA"
650 7 _aUniversidades y colegios
_xAcreditación
_zAmérica Latina
_2
_95040
650 7 _aAcreditación (Educación)
_zAmérica Latina
_2
_924106
650 4 _aEducación superior
_zAmérica Latina
_95753
905 _aLibro
999 _c413
_d413